Интенсификация литейных технологий: сборник научных трудов

Бібліографічні деталі
Співавтор: Академия наук Украинской ССР (АН УССР) Институт проблем литья
Інші автори: Лакеев А. С. (редактор)
Мова:Російська
Опубліковано: Киев, [Б. и.], 1989
Предмети:
Формат: MixedMaterials Книга
KOHA link:https://koha.lib.tpu.ru/cgi-bin/koha/opac-detail.pl?biblionumber=142929

MARC

LEADER 00000nam0a2200000 4500
001 142929
005 20231031142918.0
010 |a 5770200014 
035 |a (RuTPU)RU\TPU\book\154890 
090 |a 142929 
100 |a 20080913d1989 m y0rusy50 ca 
101 0 |a rus 
102 |a UA 
105 |a a z 001zy 
200 1 |a Интенсификация литейных технологий  |e сборник научных трудов  |f Академия наук Украинской ССР (АН УССР), Институт проблем литья ; под ред. А. С. Лакеева 
210 |a Киев  |c [Б. и.]  |d 1989 
215 |a 100 с.  |c ил. 
320 |a Библиография в конце статей 
610 1 |a интенсификация 
610 1 |a литейные технологии 
610 1 |a сборники 
675 |a 621.74:658  |v 3 
702 1 |a Лакеев  |b А. С.  |4 340 
712 0 2 |a Академия наук Украинской ССР (АН УССР)  |b Институт проблем литья  |2 stltpush  |3 (RuTPU)RU\TPU\col\11734 
801 1 |a RU  |b 63413507  |c 20080913  |g PSBO 
801 2 |a RU  |b 63413507  |c 20081124  |g PSBO 
942 |c BK